| 000 | 01788cam a2200313 a 4500 | ||
|---|---|---|---|
| 001 | 14703109 | ||
| 005 | 20080116094008.0 | ||
| 008 | 070119s2008 enk |rb 001 0 eng | ||
| 010 | _a 2007002277 | ||
| 020 | _a9780521705486 (pbk.) | ||
| 035 | _a(OCoLC)ocm80359184 | ||
| 035 | _a(OCoLC)80359184 | ||
| 040 |
_aDLC _cDLC _dYDX _dBAKER _dBTCTA _dYDXCP _dHVC _dDLC |
||
| 050 | 0 | 0 |
_aBJ1459.5 _b.C63 2008 |
| 082 | 0 | 0 |
_a172.1 _222 _bCOA |
| 100 | 1 |
_aCoady, C. A. J. _911010 |
|
| 245 | 1 | 0 |
_aMorality and Political Violence / _cC.A.J. Coady. |
| 260 |
_aCambridge : _bCambridge University Press, 2008 _c2008. |
||
| 300 |
_axi, 317 p. ; _c24 cm. |
||
| 504 | _aIncludes bibliographical references (p. 301-312) and index. | ||
| 505 | 0 | _aStaring at Armageddon -- The idea of violence -- Violence and justice -- Aggression, defence, and just cause -- Justice with prudence -- The right way to fight -- The problem of collateral damage -- The morality of terrorism -- The immunities of combatants -- Morality and the mercenary warrior -- Objecting morally -- Weapons of mass destruction -- The ideal of peace -- The issue of stringency. | |
| 650 | 0 |
_aViolence _xMoral and ethical aspects. _911011 |
|
| 856 | 4 | 1 |
_3Table of contents only _uhttp://www.loc.gov/catdir/toc/ecip079/2007002277.html |
| 856 | 4 | 2 |
_3Publisher description _uhttp://www.loc.gov/catdir/enhancements/fy0729/2007002277-d.html |
| 856 | 4 | 2 |
_3Contributor biographical information _uhttp://www.loc.gov/catdir/enhancements/fy0729/2007002277-b.html |
| 942 |
_2ddc _cBB |
||
| 999 |
_c13294 _d13294 |
||